| 000 | 00707nam a2200217 i 4500 | ||
|---|---|---|---|
| 001 | 94195 | ||
| 003 | ES-MaACL | ||
| 005 | 20230906181425.0 | ||
| 007 | t| | ||
| 008 | 050630s2005 sp ||||1| spa d | ||
| 020 | _a84-9734-268-2 | ||
| 080 | _a159.94.075(035) | ||
| 100 | 1 |
_aAlava, María Jesús. _919175 |
|
| 245 | 1 | 0 |
_aEmociones que hieren _b: de las tensiones inútiles a las relaciones inteligentes / _cMaría Jesús Alava Reyes. |
| 250 | _a2ª ed. | ||
| 260 |
_aMadrid : _bLa Esfera de los Libros, _c[2005] |
||
| 300 |
_a331 p. ; _c23 cm. |
||
| 504 | _aBibliografía: p. 329-331. | ||
| 650 | 1 | 4 |
_aConducta- _xModificación- _vObras de divulgación. _911258 |
| 852 |
_aES-MaACL _jL-29241 _bR.135828 |
||
| 999 |
_c94195 _d94195 |
||